International finance : (Record no. 112)

000 -LEADER
fixed length control field 01155pam a2200325 a 4500
001 - CONTROL NUMBER
control field 3467969
003 - CONTROL NUMBER IDENTIFIER
control field OSt
005 - DATE AND TIME OF LATEST TRANSACTION
control field 20210416053146.0
008 - FIXED-LENGTH DATA ELEMENTS--GENERAL INFORMATION
fixed length control field 930210s1993 enka b 001 0 eng
010 ## - LIBRARY OF CONGRESS CONTROL NUMBER
LC control number 93009646
020 ## - INTERNATIONAL STANDARD BOOK NUMBER
International Standard Book Number 0415092809 (hbk.)
020 ## - INTERNATIONAL STANDARD BOOK NUMBER
International Standard Book Number 0415092817
040 ## - CATALOGING SOURCE
Original cataloging agency DLC
Transcribing agency DLC
Modifying agency DLC
050 00 - LIBRARY OF CONGRESS CALL NUMBER
Classification number HG3881
Item number .I57613 1993
080 ## - UNIVERSAL DECIMAL CLASSIFICATION NUMBER
Universal Decimal Classification number 336
Item number D-23
082 00 - DEWEY DECIMAL CLASSIFICATION NUMBER
Classification number 332/.042
Edition number 20
245 00 - TITLE STATEMENT
Title International finance :
Remainder of title contemporary issues /
Statement of responsibility, etc. edited by Dilip K. Das.
260 ## - PUBLICATION, DISTRIBUTION, ETC.
Place of publication, distribution, etc. London ;
-- New York :
Name of publisher, distributor, etc. Routledge,
Date of publication, distribution, etc. 1993.
300 ## - PHYSICAL DESCRIPTION
Extent 616 p. :
Other physical details ill. ;
Dimensions 26 cm.
504 ## - BIBLIOGRAPHY, ETC. NOTE
Bibliography, etc. note Includes bibliographical references and index.
650 #0 - SUBJECT ADDED ENTRY--TOPICAL TERM
Topical term or geographic name entry element International finance.
650 #0 - SUBJECT ADDED ENTRY--TOPICAL TERM
Topical term or geographic name entry element Finances
9 (RLIN) 454
653 ## - INDEX TERM--UNCONTROLLED
Uncontrolled term ფინანსები
653 ## - INDEX TERM--UNCONTROLLED
Uncontrolled term საერთაშორისო ფინანსები
700 1# - ADDED ENTRY--PERSONAL NAME
Personal name Das, Dilip K.,
Dates associated with a name 1945-
856 42 - ELECTRONIC LOCATION AND ACCESS
Materials specified Publisher description
Uniform Resource Identifier <a href="http://www.loc.gov/catdir/enhancements/fy0648/93009646-d.html">http://www.loc.gov/catdir/enhancements/fy0648/93009646-d.html</a>
906 ## - LOCAL DATA ELEMENT F, LDF (RLIN)
a 7
b cbc
c orignew
d 1
e ocip
f 19
g y-gencatlg
942 ## - ADDED ENTRY ELEMENTS (KOHA)
Source of classification or shelving scheme
Koha item type Books
Holdings
Withdrawn status Lost status Source of classification or shelving scheme Damaged status Not for loan Permanent location Current location Date acquired Inventory number Full call number Barcode Date last seen Price effective from Koha item type
          Ken Walker International University Ken Walker International University 11/11/2020 300 336 D-23 300 11/11/2020 11/11/2020 Books

Powered by Koha